Представление документа в формате RUSMARC

ПолеНазваниеЗначение
  Тип записи a
  Библиографический уровень m
001 Контрольный номер RU/SLIB/B/208769093
005 Дата корректировки 20201206204254.2
010 Индекс ISBN __
a ISBN 5-94920-023-3
d Цена 630-00
021 № государственной регистрации __
b № документа 2004-29139
b № документа 1469
100 Данные общей обработки __
a Данные общей обработки 19041004d2003 |||y0rusy0189 ca
101 Язык документа __
a Язык текста rus
c Язык оригинала rus
102 Страна публикации __
a Страна публикации RU
105 Кодированные данные (монография) __
a Кодированные данные (монография) a |||||||zy
200 Заглавие и сведения об ответственности 0_
a Заглавие Осложнения в нефтедобыче
f Первые сведения об ответственности под общ. ред.: Н. Г. Ибрагимова, Е. И. Ишемгужина
b Общее обозначение материала Текст
210 Выходные данные __
a Место издания Уфа
c Издательство Монография
d Дата издания 2003
215 Физическое описание __
a Объем 300, [1] c.
c Иллюстрации/тип воспроизводства ил.
300 Общие примечания __
a Общие примечания Посвящ. 60-летию с начала освоения нефтяных месторождений Татарстана
320 Библиография __
a Библиография Библиогр. в конце кн. (207 назв.)
330 Аннотация __
a Аннотация Освещены наиболее часто встречающиеся осложнения в нефтедобыче, которые связаны с образованием нефтяных эмульсий, асфальто-смоло-парафиновых отложений (АСПО), отложений неорганических солей, наличием механических примесей в добываемой продукции. Для студентов, специалистов.
606 Тематические рубрики __
a Основная рубрика Горное дело
606 Тематические рубрики __
a Основная рубрика Разработка нефтяных и газовых месторождений
610 Ключевые слова __
a Ключевые слова нефть; нефтедобыча; нефтяные эмульсии; асфальто-смоло-парафиновые отложения; механические примеси; трубопроводная транспортировка; химические реагенты; магнитная обработка; промысловые жидкости; скважинные установки; технические средства
686 Индексы других классификаций __
a Классификационный индекс 33.361
702 Вторичная интеллектуальная ответственность _1
a Фамилия Ибрагимов
b Имя Н. Г.
4 Код отношения Главный редактор
4 Код отношения 651
702 Вторичная интеллектуальная ответственность _1
a Фамилия Ишемгузин
b Имя Е. И.
4 Код отношения Главный редактор
4 Код отношения 651
801 Источник записи _0
a Страна RU
b Организация Муниципальное бюджетное учреждение культуры "Централизованная библиотечная система" г. Сургут (Центральная городская библиотека им. А. С. Пушкина)
c Дата составления 20041004
g Правила каталогизации КиК/Уланова
801 Источник записи _1
a Страна RU
b Организация Муниципальное бюджетное учреждение культуры "Централизованная библиотечная система" г. Сургут (Центральная городская библиотека им. А. С. Пушкина)
c Дата составления 20041004
g Правила каталогизации КиК/Уланова
852 Данные о местонахождении __
j Шифр хранения 33.361
c Каталожный индекс 33.361
i Авторский знак О-74
p Инвентарный номер 05050980 ; 05050981
901 Тип документа 1_
t Тип документа m
903 Характеристики (МАРС) __
a Дата передачи 20050518
990 Данные о заказе (DOS) __
t N записи в КСУ для И/У (DOS) 200505
j Количество экземпляров (DOS) 2